[Event "Baltic Zonal 2017"]
[Site "Liepaja"]
[Date "2017.06.16"]
[Round "1"]
[White "Shishkov, Andrei"]
[Black "Kantans, Toms"]
[Result "0-1"]
[WhiteElo "2377"]
[BlackElo "2490"]
[Annotator "TA"]
[PlyCount "144"]
[EventDate "2017.??.??"]
[EventType "swiss"]
[EventCountry "LAT"]
[SourceTitle "playchess.com"]
[Source "ChessBase"]
[SourceQuality "1"]

{[%evp 19,144,21,35,6,12,12,0,0,1,13,7,0,8,0,0,-8,-2,-9,-9,-16,-9,-14,-6,-5,0,-14,-2,-7,0,0,0,0,0,0,0,0,0,0,17,10,11,13,53,41,54,55,62,61,64,58,72,55,55,55,100,85,191,186,184,179,227,237,218,93,91,91,93,0,4,0,51,9,9,10,20,0,0,-235,-239,-374,-356,-525,-525,-525,-525,-525,-525,-518,-518,-511,-506,-518,-501,-493,-469,-436,-387,-390,-378,-12843,-512,-608,-508,-631,-456,-610,-491,-835,-835,-833,-833,-826,-826,-735,-707,-552,-271,-795,-695,-12840,-12840,-12838,-12835,-12838,-12835,-29993,-29994]} 1. d4 Nf6 2. c4 g6 3. f3 c5 4. d5 d6 5. e4 Bg7 6. Nc3 O-O 7. Bg5 h6 8. Be3 e6 9. Qd2 exd5 10. cxd5 a6 {LiveBook: 99 Games. A65: Modern Benoni: 6 e4} (10... Nh7 11. Bd3 Nd7 12. Nh3 Ne5 13. Nf2 f5 14. Be2 g5 15. exf5 Bxf5 16. h4 b5 17. hxg5 hxg5 18. Nxb5 Rb8 {0-1 (33) Najer,E (2682)-Mamedyarov,S (2772) Sochi 2017}) 11. Bxh6 Nxe4 $1 12. Nxe4 {[#] Hoping for h4.} Qh4+ {The position is equal.} 13. g3 Qxh6 14. Qxh6 Bxh6 15. Nxd6 Nd7 16. Bh3 Nb6 $146 ({Predecessor:} 16... f5 17. f4 Nb6 18. Nxc8 Re8+ 19. Kf2 {½-½ (19) Mohota,N (2325)-Gomes,M (2306) Bhubaneswar 2011}) 17. Nxc8 Nxc8 18. f4 Re8+ 19. Ne2 Nb6 20. Rd1 Rad8 21. d6 Bg7 22. d7 Re7 23. b3 Bd4 24. Kd2 Nxd7 25. Nxd4 Nf6 {[#] ...Ne4+ is the strong threat.} 26. Bg2 Ng4 27. Rhe1 Rc7 28. Re2 cxd4 (28... Rcd7 $5 {[%cal Rd7d4]} 29. Rde1 Rxd4+ 30. Kc2 Ne3+ 31. Rxe3 Rd2+ 32. Kc3 Rxg2 $11) 29. Rc1 Rxc1 30. Kxc1 $11 {[%mdl 4096] Endgame KRB-KRN} b6 31. Be4 Ne3 32. Kd2 Kf8 33. Kd3 Nd1 34. Rd2 Nc3 35. Bb7 f5 36. b4 b5 37. Bxa6 Rd7 (37... Ra8 $16) 38. Rc2 $18 Ke7 39. Bc8 Ra7 40. Kxd4 Nxa2 41. Rc5 (41. Rc6 $18) 41... Nxb4 42. Rxb5 Nc6+ 43. Kc5 (43. Kd5 $16 Nd8 44. Rb6) 43... Nd8 $11 {aiming for ...Rc7+.} 44. Kd4 Ra4+ (44... Nc6+ $11 45. Kd5 Nd8) 45. Kc3 {With the idea Rb6.} Ra8 46. Bb7 Ra2 47. Re5+ (47. Bd5 $5 {[%cal Rd5a2]} Ra6 48. Bc4 $16) 47... Kd6 48. Bf3 $2 (48. Bd5 $11 {and White is okay.} Rxh2 49. Bg8) 48... Ra3+ $19 49. Kc4 (49. Kd2 {only move.} Rxf3 50. Re3 Rf2+ 51. Re2) 49... Rxf3 {KRN-KR} 50. Re8 (50. Rd5+ {keeps fighting.} Ke7 51. Rd2) 50... Nc6 51. Re2 Ra3 52. Rd2+ Ke6 53. Re2+ Kf6 54. Kd5 Ne7+ 55. Kd6 {Threatening Re6+.} Rd3+ 56. Kc5 Kf7 57. Kc4 Ra3 58. Kd4 Ra4+ 59. Ke3 $2 (59. Ke5) 59... Nd5+ (59... Re4+ $142 60. Kd3 Ra4) 60. Kf3 Ra3+ 61. Kg2 Ne3+ 62. Kf3 Nc4+ 63. Kg2 (63. Kf2 $142 Nd6 64. Rb2) 63... Rd3 64. Kh3 Rd2 65. Re1 Nd6 66. Ra1 Kg7 67. Ra6 Kh6 (67... Ne4 $142 {And now ...g5 would win.} 68. g4 Nf2+ 69. Kh4 Nxg4 70. Ra7+ Kh6) 68. Ra8 $2 (68. g4) 68... Ne4 {Strongly threatening ...g5.} 69. Rh8+ Kg7 70. Ra8 Nf6 71. Ra7+ Kh6 72. Ra8 Ng4 {Precision: White = 42%, Black = 65%.} 0-1

[Event "Baltic Zonal 2017"]
[Site "Liepaja"]
[Date "2017.06.16"]
[Round "1"]
[White "Sakalauskas, Vaidas"]
[Black "Meskovs, Nikita"]
[Result "1/2-1/2"]
[WhiteElo "2344"]
[BlackElo "2479"]
[Annotator "TA"]
[PlyCount "166"]
[EventDate "2017.??.??"]
[EventType "swiss"]
[EventCountry "LAT"]
[SourceTitle "playchess.com"]
[Source "ChessBase"]
[SourceQuality "1"]

{[%evp 24,166,63,39,42,49,48,37,53,24,43,42,55,41,54,46,50,42,75,81,78,0,0,0,0,0,0,0,0,0,0,0,13,17,34,33,56,31,29,15,14,18,25,0,0,0,0,0,0,0,0,0,61,0,18,-19,-19,-19,-19,-41,-19,-19,-9,-21,0,0,0,0,0,-46,-46,-46,-50,-74,-77,-76,-56,-61,-61,-144,-132,-127,-116,-116,-113,-114,-113,-168,-162,-145,-79,-79,-79,-76,-79,-107,-107,-107,-111,-121,-112,-118,-123,-111,-122,-148,-81,-318,-317,-336,-338,-336,-329,-314,-308,-289,-253,-1078,-501,-501,-491,-501,-501,-488,-483,-426,-320,-328,-320,-272,-8,-8,-8,-8,0,0,0,0,0,0,0,0,0,0,0]} 1. d4 Nf6 2. c4 c5 3. d5 e6 4. Nc3 exd5 5. cxd5 d6 6. e4 g6 7. h3 Bg7 8. Nf3 O-O 9. Bd3 a6 10. a4 Re8 11. O-O Nh5 12. Re1 Nd7 13. Bg5 Bf6 {A70: Modern Benoni: 6 e4 g6 7 Nf3} 14. Bh6 (14. Be3 Ne5 15. Be2 Nxf3+ 16. Bxf3 Ng7 17. a5 b5 18. axb6 Qxb6 19. Ra2 Bd7 20. Qc2 Be5 21. Nb1 {½-½ (52) Parligras,M (2596)-Pantsulaia,L (2612) Konya 2016}) 14... Ne5 15. Be2 Nxf3+ {White is slightly better.} 16. Bxf3 Ng7 17. Qd2 b6 18. Be2 Bd4 $146 ({Predecessor:} 18... Ra7) 19. Bd3 Bd7 20. Bg5 f6 21. Bh6 f5 {[#]} 22. Bxg7 (22. Bg5 $1 $16 {[%cal Rg5d8]} Qc8 23. Bc4) 22... Bxg7 23. exf5 gxf5 24. Rxe8+ Qxe8 25. Re1 Qf8 26. b3 Be5 27. f4 Bd4+ 28. Kh2 Qg7 29. Ne2 $1 Bf6 30. Qc2 b5 31. axb5 axb5 32. Rf1 Re8 33. Ng3 (33. Rf3 $5 {[%cal Rf3g3]} Qf7 34. Ng3 $11) 33... Re3 34. Nxf5 Bxf5 35. Bxf5 Qg3+ 36. Kh1 Bd4 {Threatens to win with ...Re1.} 37. Qd1 {aiming for b4!} Kg7 ({Avoid the trap} 37... Rxb3 $2 38. Qh5 $18) (37... b4 $11) 38. Bc2 (38. b4 $1 $14) 38... h6 (38... Qh4 $5 {[%cal Re3h3]} 39. Bf5 b4 $11) 39. Qg4+ (39. b4 $5) 39... Qxg4 40. hxg4 $11 {[%mdl 4096] Endgame KRB-KRB} Rc3 41. Bd1 $1 c4 42. bxc4 bxc4 43. Kh2 Re3 44. Bf3 c3 45. Rc1 Rd3 46. Rc2 Be3 47. Kg3 Bd2 48. g5 hxg5 49. fxg5 Kg6 50. Kf2 {And now Be4+ would win.} Kxg5 51. Ke2 ({White should try} 51. Ra2 $15) 51... Re3+ $17 52. Kf2 Re1 53. Ra2 Kf5 54. Be2 Ke4 55. Bf3+ (55. Ra4+ $17 Kxd5 56. Bd3) 55... Kd3 56. Bh5 Re3 (56... Kc4 $142 57. Bg6 Kxd5) 57. Bg6+ Kd4 58. Ra4+ Kxd5 59. Bc2 Re1 60. Bd3 Ke5 61. g4 Re3 62. Bc2 Rh3 63. Re4+ Kd5 64. Ke2 Kc5 (64... Bh6 $142 65. Ra4 Bg7 66. Ra5+ Kc4 67. Ra4+ Kc5 68. Ra5+ Kc4 69. Ra4+ Kb5) 65. Re8 $2 (65. Bb3 $17) 65... d5 $19 66. Bf5 Kd4 67. Kd1 Be3 68. Rc8 Rh2 69. Rc7 Rd2+ 70. Ke1 $2 (70. Kc1) 70... Bf2+ (70... Bf4 $142 71. Rc8 Be5) 71. Kf1 Bg3 72. Rc8 Rf2+ 73. Kg1 Rf4 74. Kg2 Bh4 75. Rc6 Be7 76. Kg3 Rxf5 $2 ({Better is} 76... Bg5 $19 {Hoping for ...Rf1.} 77. Bc2 Rf1) 77. gxf5 {KR-KB. The position is equal.} Bc5 78. f6 $1 c2 {[#]} 79. Rxc5 $1 {[%mdl 512]} Kxc5 80. f7 c1=Q {( -> ...Qf1)} 81. f8=Q+ Kd4 82. Qf6+ Kd3 {Strongly threatening ...Qe3+.} 83. Qf5+ Kd4 {Precision: White = 52%, Black = 62%.} 1/2-1/2

[Event "Baltic Zonal 2017"]
[Site "Liepaja"]
[Date "2017.06.16"]
[Round "1"]
[White "Jankovskis, Guntis"]
[Black "Kanep, Meelis"]
[Result "1/2-1/2"]
[WhiteElo "2310"]
[BlackElo "2451"]
[Annotator "TA"]
[PlyCount "98"]
[EventDate "2017.??.??"]
[EventType "swiss"]
[EventCountry "LAT"]
[SourceTitle "playchess.com"]
[Source "ChessBase"]
[SourceQuality "1"]

{[%evp 25,98,-14,-14,-53,-23,-36,64,58,45,61,86,70,92,106,108,65,202,193,203,214,301,298,593,590,582,578,487,0,0,-16,-14,-17,-15,-35,-28,-33,-26,-29,-32,-33,-8,-28,-27,-53,-53,-53,-53,-53,-53,-53,-53,-53,-53,-53,-53,-53,-53,-53,-53,-120,0,0,0,0,0,0,0,0,0,0,0,0,0,0,0]} 1. Nf3 Nf6 2. c4 e6 3. Nc3 d5 4. d4 Bb4 5. cxd5 exd5 6. Qa4+ Nc6 7. Bg5 h6 8. Bxf6 Qxf6 9. e3 O-O 10. Be2 Be6 11. Rc1 a6 12. O-O Bd6 {D38: Queen's Gambit Declined: Ragozin Defence (4 Nf3 Bb4)} 13. Qb3 Ne7 {[#] LiveBook: 8 Games} 14. a4 $146 ({Predecessor:} 14. a3 Rfe8 15. Na4 b6 16. Nc3 Reb8 17. Rcd1 c5 18. Qc2 c4 19. e4 Qg6 20. Nh4 {0-1 (45) Dreev,A (2651)-So,W (2808) chess.com INT 2017}) 14... g5 {Black is slightly better.} 15. g3 h5 (15... Rab8 $15) 16. e4 $1 $14 {[%cal Re4e5]} dxe4 $1 17. Nxe4 Qg6 18. Qe3 Bf4 19. Ne5 Qg7 20. Qa3 $1 {[%cal Ra3e7]} Nf5 ({Better is} 20... Bxe5 $14 21. dxe5 (21. Qxe7 Bxd4 22. Qxg5 c6 $14) 21... Nd5) 21. gxf4 $18 Nxd4 22. Qd3 Nxe2+ ({Don't play} 22... gxf4+ $6 23. Kh1) (22... Rad8 $142) 23. Qxe2 gxf4+ $2 (23... f6 24. Nd3 Rad8) 24. Kh1 $1 Qxe5 25. Rg1+ Kh8 {Hoping for ...Rg8.} 26. Rg5 $2 ({Only move:} 26. Rc5 $1 $18 Bd5 27. Rxd5 $1 {[%mdl 512]} Qxd5 28. Rg5 Qxg5 29. Nxg5) 26... Bg4 $1 $11 {Threatens to win with ...Qxg5.} 27. Qxg4 {[%cal Rg4h5]} (27. f3 $5 {[%cal Rg5e5]} f5 28. fxg4 Qxe4+ 29. Qxe4 fxe4 30. Rxc7 $11) 27... Qxe4+ 28. Qg2 Qxg2+ 29. Kxg2 Rg8 30. Rxg8+ Rxg8+ {[%mdl 4096] Endgame KR-KR} 31. Kf3 c6 32. Rd1 b5 33. axb5 cxb5 34. Rd7 Kg7 35. Ra7 Rc8 36. Rxa6 Rc2 37. b3 Rb2 38. Rb6 Rxb3+ 39. Kxf4 f6 $1 40. Rb8 Kg6 41. Rg8+ Kf7 42. Rb8 {[#]} (42. Rh8 $1 $15) 42... Kg7 ({Black should try} 42... Ke6 $1 $17 43. Ke4 Rb4+ 44. Kf3 Ke5 45. Re8+ Kf5) 43. f3 {The position is equal.} Kf7 44. h4 Kg7 45. Ke4 Kg6 46. Rg8+ Kh6 47. Rh8+ Kg6 {aiming for ...Rb4+.} 48. Rg8+ $1 Kh7 49. Rb8 Kg6 {Precision: White = 70%, Black = 48%.} 1/2-1/2

[Event "Baltic Zonal 2017"]
[Site "Liepaja"]
[Date "2017.06.16"]
[Round "1"]
[White "Vaicekauskas, Gytis"]
[Black "Berzinsh, Roland"]
[Result "0-1"]
[WhiteElo "2207"]
[BlackElo "2434"]
[Annotator "TA"]
[PlyCount "56"]
[EventDate "2017.??.??"]
[EventType "swiss"]
[EventCountry "LAT"]
[SourceTitle "playchess.com"]
[Source "ChessBase"]
[SourceQuality "1"]

{[%evp 9,56,-31,-28,-63,-54,-66,-37,-64,-25,-52,-16,-83,-37,-74,-85,-87,-85,-122,-67,-239,-236,-316,-327,-304,-280,-374,-362,-359,-361,-578,-570,-550,-528,-624,-604,-684,-641,-705,-678,-842,-827,-996,-965,-899,-711,-1052,-1039,-1116,-1065]} 1. Nc3 d5 {[%cal Bd7d5,Bd5d4][%mdl 32]} 2. e4 d4 3. Nce2 e5 4. Nf3 f6 5. Ng3 Be6 6. b3 {A00: Irregular Openings} (6. d3 Bb4+ 7. Nd2 Ne7 8. a3 Bd6 9. Nc4 c5 10. Qh5+ Bf7 11. Qg4 g6 12. f4 Bxc4 13. dxc4 exf4 14. Bxf4 Bxf4 15. Qxf4 {0-1 (36) Mosadeghpour,M (2474)-Tahbaz,A (2427) Teheran 2016}) 6... Nc6 7. Bc4 Qd7 8. O-O {Black is slightly better.} Nh6 $146 ({Predecessor:} 8... O-O-O 9. a4 h5 10. Bxe6 Qxe6 11. h4 g5 12. d3 Nge7 13. hxg5 h4 14. gxf6 hxg3 15. fxe7 gxf2+ 16. Kxf2 Bxe7 {½-½ (46) Luppi,D (2345)-Detela,W (2325) ICCF email 2007}) 9. a3 Nf7 10. Bb2 (10. Bxe6 $11 {remains equal.} Qxe6 11. b4) 10... g6 11. Qe2 O-O-O 12. d3 h5 13. Nh4 Rg8 (13... Bxc4 $17 14. Nxg6 h4) 14. c3 $2 {[#]} ({Better is} 14. Bxe6 $15 Qxe6 15. b4) 14... Bxc4 $19 15. dxc4 d3 16. Qd1 Be7 17. Nf3 f5 18. Re1 f4 19. Nh1 $2 (19. Nf1 g5 20. N3d2) 19... g5 {[%cal Bg6g5,Bg5g4][%mdl 32] Black is clearly winning.} 20. Nd2 g4 21. Ra2 h4 22. Bc1 Qe6 23. b4 Ng5 24. Kf1 {[#]} f3 $1 {[%mdl 512]} 25. Re3 (25. gxf3 gxf3) 25... fxg2+ 26. Kxg2 Nh3 27. Nf1 Qxc4 28. Rb2 Qxc3 {Precision: White = 19%, Black = 77%.} 0-1

[Event "Baltic Zonal 2017"]
[Site "Liepaja"]
[Date "2017.06.17"]
[Round "3"]
[White "Kulaots, Kaido"]
[Black "Neiksans, Arturs"]
[Result "1/2-1/2"]
[WhiteElo "2597"]
[BlackElo "2581"]
[Annotator "TA"]
[PlyCount "68"]
[EventDate "2017.??.??"]
[EventType "swiss"]
[EventCountry "LAT"]
[SourceTitle "playchess.com"]
[Source "ChessBase"]
[SourceQuality "1"]

{[%evp 18,68,29,37,31,35,24,30,25,21,49,33,16,10,28,8,8,12,7,-10,-30,-40,-29,-92,-101,-100,-89,-99,-43,-49,-41,-64,-67,-70,-67,-63,-26,-12,-21,-21,0,0,0,0,0,0,0,0,0,0,0,0,0]} 1. e4 e5 2. Nf3 Nc6 3. Bb5 a6 4. Ba4 Nf6 5. O-O Be7 6. Re1 b5 7. Bb3 d6 8. c3 O-O 9. h3 Bb7 10. d4 Nd7 {C92: Closed Ruy Lopez: 9...Be6, Karpov and Flohr-Zaitsev Variations} 11. a4 Na5 12. Bc2 c5 {White has an edge.} 13. d5 {[#]} h6 $146 ({Predecessor:} 13... b4 14. b3 bxc3 15. Nxc3 Rb8 16. Bd2 Bc8 17. Nb1 g6 18. Bh6 Re8 19. Na3 Rb4 20. Bd2 {½-½ (48) Shankland,S (2666)-Xiong,J (2674) Saint Louis 2017}) 14. b3 {[%cal Bb2b3,Bb3b4][%mdl 32]} (14. b4 $5 {[%cal Rb4a5]} Nc4 15. bxc5 Nxc5 16. Na3 $11) 14... c4 15. b4 Nb3 $1 {[%cal Rb3a1]} 16. Bxb3 cxb3 17. Qxb3 f5 18. Nbd2 fxe4 19. Nxe4 Nb6 $1 $36 {[%csl LRa4,LRd5][%mdl 2048] Black is more active.} 20. a5 (20. Rd1 $11) 20... Nxd5 $17 21. Bd2 Qe8 22. Rad1 Qc6 ({Black should try} 22... Rc8 $17 23. Be3 Qf7) 23. Nh2 $15 Kh8 24. Ng4 Bh4 {Threatens to win with ...h5.} 25. Re2 $1 h5 26. Nh2 {[%cal Bg4h2,Bh2f3,Bf3g5,Bg5f7][%mdl 32] [#]} Bxf2+ $1 {[%mdl 512]} 27. Rxf2 Rxf2 {The position is equal.} 28. Nxf2 {Nf3 is the strong threat.} Nf4 {[%csl Gb7,Gf4][%cal Rc6g2]} (28... Nxc3 $5 29. Nf3 Nxd1 30. Qxd1 Qd5 $17) 29. Nf3 {aiming for Bxf4.} Nxg2 30. Ng5 Nf4 {[%csl Gb7,Gf4][%cal Rc6g2] [#]} 31. Nf7+ Kh7 {[%csl Gb7,Gf4][%cal Rc6g2]} 32. Ng5+ Kh8 $1 {[%csl Gb7,Gf4][%cal Rc6g2]} 33. Nf7+ Kh7 {[%csl Gb7,Gf4][%cal Rc6g2]} 34. Ng5+ Kh8 $1 {Precision: White = 66%, Black = 68%.} 1/2-1/2

[Event "Baltic Zonal 2017"]
[Site "Liepaja"]
[Date "2017.06.17"]
[Round "3"]
[White "Ladva, Ottomar"]
[Black "Kveinys, Aloyzas"]
[Result "1/2-1/2"]
[WhiteElo "2530"]
[BlackElo "2526"]
[Annotator "TA"]
[PlyCount "95"]
[EventDate "2017.??.??"]
[EventType "swiss"]
[EventCountry "LAT"]
[SourceTitle "playchess.com"]
[Source "ChessBase"]
[SourceQuality "1"]

{[%evp 17,95,10,0,0,0,0,0,0,-11,0,0,0,0,-4,-3,-6,0,-13,0,0,0,-28,0,0,0,0,0,0,0,0,0,0,0,0,0,0,0,0,0,0,0,-20,7,0,0,0,0,0,0,0,0,0,0,0,0,0,0,0,0,0,0,0,0,-13,0,0,0,0,0,0,0,0,0,0,0,0,0,0,0,0]} 1. Nf3 Nf6 2. c4 c5 3. Nc3 e6 4. e3 Nc6 5. d4 d5 6. cxd5 Nxd5 7. Bd3 Be7 8. O-O O-O 9. Nxd5 Qxd5 {LiveBook: 17 Games} 10. Qc2 {D42: Queen's Gambit Declined: Semi-Tarrasch: 5 cxd5 Nxd5 6 e3 Nc6 7 Bd3} Qh5 (10... Nb4 11. Bxh7+ Kh8 12. Qb1 g6 13. Bxg6 fxg6 14. Ne5 Bd6 15. Nxg6+ Kg7 16. Nxf8 Kxf8 17. dxc5 Qxc5 {1-0 (52) Grachev,B (2658)-Kveinys,A (2520) Minsk 2017}) 11. Be4 cxd4 12. Nxd4 $146 ({Predecessor:} 12. exd4 Bd7 13. Bd2 Rac8 14. Qb3 b6 15. Bc3 Na5 16. Qc2 Nc4 17. Ne5 Nxe5 18. dxe5 {½-½ (25) Stein,L-Tukmakov,V Reykjavik 1972}) 12... Nxd4 13. exd4 Bd6 {[%csl Gd6][%cal Rh5h2] [#]} 14. h3 Rb8 15. a4 Bd7 16. Bf3 Qg6 (16... Qh4 {keeps more tension.} 17. Be3 Rfc8 18. Qd2 Qd8 19. a5 a6) 17. Qxg6 (17. Be4 $5 {[%cal Re4g6]} f5 18. Bf3 $11) 17... hxg6 18. Be3 Rfc8 19. d5 b6 20. Rfd1 {The position is equal.} e5 21. a5 Kf8 22. axb6 axb6 23. Ra7 Ke8 24. Rda1 Bc5 25. Re1 {[#] aiming for Bxc5.} Bb4 26. Rd1 Bd6 27. Rda1 Bc5 28. Bd1 Kd8 29. Ba4 Rc7 30. Rxc7 (30. Bb3 {is interesting.} f6 31. h4 Rcb7 32. g3 Ke7 33. Kg2) 30... Kxc7 31. Bxd7 Kxd7 $11 {[%mdl 4096] Endgame KRB-KRB} 32. Ra7+ Ke8 33. Rc7 Bd6 34. Rc6 Bc5 35. Rc7 Bd6 36. Ra7 Bc5 37. Bg5 b5 38. Rc7 Bd6 39. Ra7 Bc5 40. Ra6 Kd7 (40... Bd4 $5 {[%cal Rd4b2]}) 41. Kf1 Rb7 42. Be3 Rc7 43. Ke2 Bxe3 44. Kxe3 Rc5 45. Ra7+ Rc7 46. Ra6 Rc5 47. Ra7+ Rc7 48. Ra6 {Precision: White = 69%, Black = 89%.} 1/2-1/2

[Event "Baltic Zonal 2017"]
[Site "Liepaja"]
[Date "2017.06.17"]
[Round "3"]
[White "Sulskis, Sarunas"]
[Black "Meskovs, Nikita"]
[Result "1-0"]
[WhiteElo "2521"]
[BlackElo "2479"]
[Annotator "TA"]
[PlyCount "79"]
[EventDate "2017.??.??"]
[EventType "swiss"]
[EventCountry "LAT"]
[SourceTitle "playchess.com"]
[Source "ChessBase"]
[SourceQuality "1"]

{[%evp 12,79,7,-20,0,0,13,0,0,0,15,0,16,13,43,46,33,19,27,21,68,48,332,304,303,336,320,215,206,216,216,214,229,230,224,259,257,263,262,262,239,229,304,293,297,296,288,284,288,294,333,285,351,333,374,374,374,374,374,374,366,366,366,366,366,358,358,351,341,341]} 1. d4 Nf6 2. Nf3 e6 3. Bf4 c5 4. e3 Nc6 5. Nbd2 d5 6. c3 Bd6 7. Bb5 {LiveBook: 3 Games. D02: 1 d4 d5 2 Nf3 sidelines, including 2...Nf6 3 g3 and 2...Nf6 3 Bf4} (7. Bg3 O-O 8. Bb5 Bxg3 9. hxg3 Qb6 10. a4 a6 11. Bxc6 bxc6 12. Qc2 Rb8 13. Rb1 cxd4 14. cxd4 a5 15. Ne5 h6 {1-0 (40) So,W (2812)-Karjakin,S (2781) Stavanger 2017}) 7... Bxf4 8. exf4 Qb6 9. Bxc6+ $146 {The position is equal.} ({Predecessor:} 9. Qa4 O-O 10. O-O cxd4 11. cxd4 Bd7 12. Nb3 Rfc8 13. Rfc1 Ne4 14. Bxc6 Bxc6 {0-1 (41) Dos Santos,H (2250)-El Debs,F (2477) Campinas 2011}) 9... bxc6 10. O-O O-O 11. Nb3 cxd4 12. cxd4 Ba6 13. Re1 Bc4 14. Nc5 Qxb2 15. Ne5 a5 16. g4 {aiming for g5.} Ba6 $2 {[%mdl 8192]} ({Black should try} 16... g6 $14) 17. Rb1 $1 $18 {[%cal Rb1b2]} Qxa2 18. Qc1 $1 Rfb8 19. Ra1 Qb2 20. Qxb2 Rxb2 21. Rxa5 {Strongly threatening Rea1.} Ne4 22. Nxe4 (22. Nxa6 $6 Nxf2 23. Ra3 g6 $16) 22... dxe4 23. Rea1 f6 {[#]} 24. Nc4 $1 {[%cal Rc4b2]} (24. Rxa6 Rxa6 25. Rxa6 fxe5 $14) (24. Nxc6 Rb6 $16) 24... Rb4 {[#]} 25. Nd2 $1 Rxd4 26. Nf1 g5 27. fxg5 ({Less strong is} 27. Rxa6 Rxa6 28. Rxa6 gxf4 $14) 27... Rd5 28. Rxa6 Rxa6 29. Rxa6 Rxg5 {[%mdl 4096] Endgame KRN-KR} 30. h3 ({Much less strong is} 30. Rxc6 $6 Rxg4+ 31. Kh1 Kf7 $18) 30... h5 31. Ng3 ({Don't do} 31. Rxc6 hxg4 32. Rxe6 gxh3+ 33. Ng3 f5 $18) 31... hxg4 32. Nxe4 Rf5 33. Rxc6 gxh3 34. Rxe6 Kf7 35. Ra6 Rf4 36. Ng3 Kg6 37. Ra8 Kg5 38. Rg8+ Kh4 39. Rh8+ Kg4 40. Nf1 {Precision: White = 78%, Black = 43%.} 1-0

[Event "Baltic Zonal 2017"]
[Site "Liepaja"]
[Date "2017.06.17"]
[Round "3"]
[White "Volodin, Aleksandr"]
[Black "Kanep, Meelis"]
[Result "1/2-1/2"]
[WhiteElo "2482"]
[BlackElo "2451"]
[Annotator "TA"]
[PlyCount "43"]
[EventDate "2017.??.??"]
[EventType "swiss"]
[EventCountry "LAT"]
[SourceTitle "playchess.com"]
[Source "ChessBase"]
[SourceQuality "1"]

{[%evp 13,14,21,36]} 1. d4 Nf6 2. c4 g6 3. Nf3 Bg7 4. g3 c5 5. Bg2 O-O 6. O-O cxd4 7. Nxd4 Nc6 {Predecessor:} 8. Nc3 $146 Qa5 9. Nb3 Qh5 10. h3 d6 11. g4 Bxg4 12. hxg4 Nxg4 13. Bf4 Be5 14. Qd2 g5 15. Bxe5 Ncxe5 16. Rfc1 Nxc4 17. Qd4 Nce3 18. fxe3 Qh4 19. Nd5 Qf2+ 20. Kh1 Qh4+ 21. Kg1 Qf2+ 22. Kh1 {½-½ (22) Banusz,T (2613)-Bacrot,E (2692) Monzon 2016} 1/2-1/2

[Event "Baltic Zonal 2017"]
[Site "Liepaja"]
[Date "2017.06.17"]
[Round "3"]
[White "Miezis, Normunds"]
[Black "Berzinsh, Roland"]
[Result "1/2-1/2"]
[WhiteElo "2452"]
[BlackElo "2434"]
[Annotator "TA"]
[PlyCount "121"]
[EventDate "2017.??.??"]
[EventType "swiss"]
[EventCountry "LAT"]
[SourceTitle "playchess.com"]
[Source "ChessBase"]
[SourceQuality "1"]

{[%evp 15,121,-3,-8,0,0,0,0,0,0,0,4,-9,0,0,0,-3,6,0,10,9,14,14,2,-11,4,4,6,-18,-7,0,0,-19,0,0,14,14,13,7,40,35,49,16,34,41,69,43,78,67,67,72,97,70,67,6,13,6,33,18,30,4,5,0,6,5,13,13,13,13,13,13,13,13,16,15,20,22,22,3,13,8,13,7,12,0,13,13,13,13,13,14,14,18,14,0,0,0,2,0,12,4,12,12,12,12,12,12,12,0]} 1. c4 e6 2. e4 d5 3. exd5 exd5 4. d4 Nf6 5. Nc3 Be7 6. cxd5 Nxd5 7. Nf3 O-O 8. Bc4 Nb6 {LiveBook: 15 Games. C01: French: Exchange Variation} 9. Be2 (9. Bb3 Bg4 10. d5 N8d7 11. h3 Bf5 12. O-O Nc5 13. Bc2 Bxc2 14. Qxc2 Nxd5 15. Rd1 Nb4 16. Qe2 {1-0 (88) Miezis,N (2547)-Navara,D (2724) Porto Carras 2011}) 9... Be6 $146 ({Predecessor:} 9... Nc6 10. O-O Bg4 11. Be3 Nb4 12. h3 Bh5 13. g4 Bg6 14. Ne5 Bc2 15. Qd2 f6 16. Nf3 Bg6 17. Nh4 Bf7 18. Nf5 {1-0 (47) Menna Barreto,F (2270)-Matsuura,E (2472) Porto Alegre 2013}) 10. O-O c6 11. Re1 N8d7 12. Bd3 Re8 13. Bf4 Nd5 14. Bg3 Nf8 15. a3 Bg4 16. h3 Be6 17. Qc2 Bd6 18. Bxd6 Qxd6 19. Ne4 (19. Ng5 $5 {[%cal Rd3h7]} Nf6 20. Rad1 $11) 19... Qf4 20. Neg5 {[%cal Rd3h7]} h6 21. Re4 Qf6 22. Nxe6 Nxe6 23. Bc4 Re7 24. Rae1 Rae8 (24... Rd8 {is interesting.} 25. Qd2 Red7 26. Bb3 Rd6 27. Bc4 Qe7) 25. Bxd5 cxd5 26. R4e3 g6 27. Qb3 Rd8 {[%cal Be8d8,Bd8d6,Bd6c6,Bc6c7,Bc7d7][%mdl 32]} 28. Qa4 a6 29. Qa5 Rd6 30. Qb4 Rc6 {[#]} 31. Ne5 $1 {[%cal Re5c6]} Rcc7 $1 32. Qd6 Qf4 33. Nxf7 Rxf7 34. Qxe6 ({White should try} 34. Rxe6 $14 Qxf2+ 35. Kh2) 34... Qxf2+ $11 35. Kh1 Qf6 36. Qxd5 {Re6 is the strong threat.} Rcd7 37. Qb3 {Black must now prevent Rf3.} Qxd4 {The position is equal.} 38. Re6 (38. Re4 $5 {[%cal Re4d4]} Qd3 39. Qxd3 Rxd3 40. Re6 $11) 38... Kh7 39. Qc2 Qd3 40. Qxd3 Rxd3 {[%mdl 4096] Endgame KRR-KRR} 41. Rb6 h5 42. Ree6 Rg3 43. Kh2 Rg5 {Threatening ...Rf2.} 44. Re3 Rd5 45. Reb3 Rdd7 46. a4 Rg7 47. R3b4 Rgf7 48. a5 Kg7 49. Re4 Kh7 (49... Rf6 $5 {[%cal Rf6b6]}) 50. Ree6 Rg7 51. b4 Rd5 52. Re8 Rf7 53. Rb8 Rdd7 54. b5 axb5 55. Rxb5 Kg7 56. h4 Rc7 57. Kh3 Rc3+ 58. g3 Rcc7 59. Rb6 Kh7 60. Rb2 Kg7 61. Rb6 {Precision: White = 59%, Black = 51%.} 1/2-1/2